00474nam a2200193 a 4500001001300000003000900013005001700022008004100039020001000080082001600090100002200106245001400128260003700142300000900179500003500188505001700223650001800240700002200258nice12345678IN_TiNIC20260116011503.0050524s1951 laha grp 000 0 urd  ac10000a297.09bJAI aJairajpuri, Aslam aNawadirat aLahorebIdara Tulu-E-Islamc1951 a399p aincludes index and biblioraphy2 abibliography aIslam-History1 aJairajpuri, Aslam